000 00405nam a2200145Ia 4500
008 210716s2005 xx 000 0 und d
041 _aeng
082 _a651.7 DOCR
100 _aDocter, Rhoda A; Docter, Aspi H.
245 _aPrinciples and practice of business communication.
250 _a1
260 _aMumbai
_bSheth Publishers pvt ltd
_c2005
300 _a448
650 _aBusiness Communication
999 _c200492
_d200492